00418 2200157 4500001002100000005001500021035001900036245005700055100001800112300003800130260004600168082000700214084001300221022001200234990001400246INLIS00000000000151620250204110220$a 0010-0225000005$a Ketika katak-katak mulai bernyanyi /$c Bhakti Karyono$a Bhakti Karyono$a 50 hlm : $b ilus ; $c 21 x 27.5 cm$a Jakarta :$b PT Kuark Internasional,$c 2024$a 050$a 050 BHA k$a 16939964$a MK026/2024